Disney, DreamWorks oder Pixar? - Statistiken

Allgemein
  • Dieses Quiz wurde 102 mal gespielt
  • Das Durchschnittsergebnis liegt bei 13 aus 20
Antwortstatistiken
Hint Antwort % Korrekt
Mulan Disney
91%
Vaiana Disney
91%
Pocahontas Disney
89%
Kung Fu Panda DreamWorks
84%
Drachenzähmen leicht gemacht DreamWorks
79%
Lilo & Stitch Disney
77%
Encanto Disney
71%
Der gestiefelte Kater DreamWorks
63%
Alles steht Kopf Pixar
63%
Fantasia Disney
62%
Cars Pixar
62%
Zoomania Disney
61%
Spirit – Der wilde Mustang DreamWorks
60%
Große Haie – Kleine Fische DreamWorks
59%
Der Weg nach El Dorado DreamWorks
53%
Die Unglaublichen Pixar
52%
Boss Baby DreamWorks
51%
Wall-E Pixar
45%
Elio Pixar
34%
Ratatouille Pixar
30%
Keine übereinstimmenden Quizze gefunden
Verteilung der Resultate
Anzahl Personen mit jedem Resultat
Perzentil nach korrekt beantworteten Fragen
Ihre Resultats-Entwicklung
Sie haben dieses Quiz noch nicht gespielt